Načítá se...

Mind, language and world : the collected essays of Bimal Krishna Matilal/

Podrobná bibliografie
Médium: Printed Book
Vydáno: New Delhi: Oxford University Press, 2002.
Témata:
LEADER 00572nam a22001451a 4500
020 |a 9780195644364 
082 |a 181.4  |b JON/M 
245 |a Mind, language and world :  |b  the collected essays of Bimal Krishna Matilal/  |c by Jonardon Ganeri (ed.) 
260 |a New Delhi:  |b Oxford University Press,  |c 2002. 
300 |a 458p. 
650 |a Philosophy India  |9 130936 
650 |a Philosophy  |9 130937 
942 |c BK 
999 |c 28975  |d 28975 
952 |0 0  |1 0  |4 0  |6 181_400000000000000_JON_M  |7 0  |9 41732  |a SSUS  |b SSUS  |d 2015-01-08  |g 650.00  |l 1  |o 181.4 JON/M  |p 027102  |r 2017-11-17  |s 2017-08-08  |v 0.00  |w 2015-01-08  |y BK